Walk the Border of England Map - Statistics

General Stats
  • This quiz has been taken 35 times
  • The average score is 18 of 25
Answers on the Map
Answers color-coded by a green-red scale on the quiz's map according to % correct below.
 
Answer Stats
Answer % Correct
Cornwall
96%
Norfolk
88%
Devon
85%
Kent
85%
Northumberland
85%
East Sussex
81%
Essex
81%
East Riding of Yorkshire
77%
Merseyside
77%
Suffolk
77%
Tyne and Wear
77%
City of Bristol
73%
Cumbria
73%
Dorset
73%
Hampshire
73%
Lincolnshire
73%
North Yorkshire
73%
Lancashire
69%
West Sussex
69%
Cheshire
62%
Gloucestershire
62%
Shropshire
62%
Durham
58%
Herefordshire
58%
Somerset
54%
No matching quizzes found
Score Distribution
Percent of People with Each Score
Percentile by Number Answered
Your Score History
You have not taken this quiz